000 00441nam a22001697a 4500
005 20251108164401.0
008 250721s2000 xx 000 0 ara d
082 1 4 _a398.21/غري
100 1 _aغريب، سعيد
245 1 0 _aموسوعة الأساطير و القصص /
264 1 _aعمان :
_c2000.
300 _a272ص
650 1 7 _aالأدب الشعبي
650 1 7 _aالأساطير
942 _2ddc
_cBK
999 _c10825
_d10825